Billie Eilish - Not My Responsibility Lyrics - Statistics

General Stats
  • This quiz has been taken 167 times
  • The average score is 164 of 214
Answer Stats
Answer % Correct
you
100%
You
100%
you?
100%
I
99%
a
96%
my
96%
My
96%
me?
94%
me
94%
Do
93%
do
93%
body
91%
not
90%
Not
90%
The
90%
the
90%
We
90%
to
88%
know
87%
what
87%
What
87%
it
85%
Really
85%
responsibility?
85%
So
85%
who
84%
Who
84%
clothes
83%
About
82%
about
82%
wear
82%
your
82%
Your
82%
And
79%
Or
79%
people
79%
Am
78%
am
78%
I'm
78%
Is
78%
is
78%
opinion
78%
be
77%
If
77%
have
76%
born
74%
chest?
74%
of
74%
opinions
74%
provoke
74%
shoulders
74%
slut
74%
Does
73%
like
73%
Some
73%
was
73%
make
72%
music
72%
with
72%
hate
71%
others
71%
shame
71%
smaller
71%
on
70%
stomach?
70%
use
70%
that
68%
weaker
68%
are
67%
layers
67%
they
67%
woman
67%
Based
66%
based
66%
comfortable
65%
decide
65%
for
65%
praise
65%
quiet?
65%
taller?
65%
Would
65%
hips?
63%
judge
63%
softer
63%
wanted?
63%
makes
62%
never
62%
only
61%
less
60%
shed
60%
their
60%
assumptions
57%
more
57%
size
57%
decides
56%
still
56%
But
55%
feel
55%
seen
55%
Though
55%
worth
55%
perception?
54%
they're
54%
you've
54%
goes
52%
means?
52%
stares
52%
unseen
52%
I'd
51%
nothing
51%
value
51%
Always
50%
watching
50%
them
49%
move
48%
sigh
48%
Why?
48%
disapproval
46%
while
46%
able
45%
by
45%
relief
43%
lived
41%
in
21%
No matching quizzes found
Score Distribution
Percent of People with Each Score
Percentile by Number Answered
Your Score History
You have not taken this quiz